| 000 | 00491cam a2200193ua 4500 | ||
|---|---|---|---|
| 020 | _c150.00 | ||
| 041 |
_aeng _h |
||
| 082 |
_a020 _bBHA/DI |
||
| 100 | _aBhargava, G D . | ||
| 245 |
_aDimensions in Library and information science / _cG D Bhargava. _hTextual Documents |
||
| 250 |
_a1 / _b. |
||
| 260 |
_aIndore : _bAnamika publications , _c1986. |
||
| 300 | _a191 ; . | ||
| 365 | _a150.00 | ||
| 504 | _a | ||
| 700 | 1 | _aTejomurty, . | |
| 942 | _cBK | ||
| 999 |
_c5424 _d5424 |
||